<?xml version="1.0" encoding="UTF-8"?>
<collection xmlns="http://www.loc.gov/MARC21/slim">
 <record>
  <leader>04526nam a2200361 a 4500</leader>
  <controlfield tag="001">kal3945</controlfield>
  <controlfield tag="003">Gr-AtHEAL</controlfield>
  <controlfield tag="005">20160425113343.0</controlfield>
  <controlfield tag="006">m        d        </controlfield>
  <controlfield tag="008">160413s2015    gr      s           gre|c</controlfield>
  <datafield tag="020" ind1=" " ind2=" ">
   <subfield code="a">9789606030697</subfield>
  </datafield>
  <datafield tag="040" ind1=" " ind2=" ">
   <subfield code="a">GR-AtHEAL</subfield>
   <subfield code="b">gre</subfield>
   <subfield code="c">GR-AtHEAL</subfield>
  </datafield>
  <datafield tag="082" ind1="0" ind2="4">
   <subfield code="a">337</subfield>
   <subfield code="2">23</subfield>
  </datafield>
  <datafield tag="100" ind1="1" ind2=" ">
   <subfield code="a">Μανώλη, Παναγιώτα.</subfield>
   <subfield code="8">1185</subfield>
  </datafield>
  <datafield tag="245" ind1="1" ind2="0">
   <subfield code="a">Εισαγωγή στη διεθνή πολιτική οικονομία</subfield>
   <subfield code="h">[Ηλεκτρονικός πόρος] </subfield>
   <subfield code="c">Μανώλη, Παναγιώτα ; Μαρής, Γεώργιος ; Κριτικός αναγνώστης, Λαδή, Στυλιανή ; Τεχνική επιμέλεια,Παπαβασιλείου, Σπυρίδων ; Γλωσσική επιμέλεια,Ρηγοπούλου, Σταυρούλα.</subfield>
  </datafield>
  <datafield tag="260" ind1=" " ind2=" ">
   <subfield code="a">Αθήνα :</subfield>
   <subfield code="b">Σύνδεσμος Ελληνικών Ακαδημαϊκών Βιβλιοθηκών,</subfield>
   <subfield code="c">c2015.</subfield>
  </datafield>
  <datafield tag="490" ind1=" " ind2=" ">
   <subfield code="a">Ακαδημαϊκά Ηλεκτρονικά Συγγράμματα και Βοηθήματα Κάλλιπος</subfield>
   <subfield code="8">40</subfield>
  </datafield>
  <datafield tag="505" ind1=" " ind2=" ">
   <subfield code="a">1. Το πεδίο της Διεθνούς Πολιτικής Οικονομίας 2. Θεωρητικές προσεγγίσεις 3. Διεθνείς εμπορικές σχέσεις 4. Παγκόσμια χρηματοπιστωτική αρχιτεκτονική 5. Διεθνής παραγωγή 6. Περιφερισμός και περιφερειοποίηση 7. Διεθνής ανάπτυξη</subfield>
  </datafield>
  <datafield tag="520" ind1=" " ind2=" ">
   <subfield code="a">Το βιβλίο απευθύνεται σε προπτυχιακούς αλλά και μεταπτυχιακούς φοιτητές που διδάσκονται μαθήματα Διεθνούς Πολιτικής Οικονομίας, Διεθνών Σχέσεων, Παγκόσμιας Διακυβέρνησης και επιθυμούν να εμβαθύνουν στο συγκεκριμένο γνωστικό αντικείμενο. Καθώς το σύγγραμμα ικανοποιεί ανάγκες διδασκαλίας απευθύνεται κυρίως σε σπουδαστές, αλλά έχει απήχηση τόσο στο ευρύ αναγνωστικό κοινό όσο και σε εξειδικευμένους μελετητές.Το βιβλίο παρουσιάζει τις σημαντικότερες θεωρητικές προσεγγίσεις της Διεθνούς Πολιτικής Οικονομίας (ΔΠΟ) και εστιάζει σε επιμέρους θέματα ειδικού βάρους στη μελέτη της ΔΠΟ. Συγκεκριμένα ασχολείται με την κατανόηση της έννοιας της «διεθνούς πολιτικής οικονομίας», με την ανάδειξη της ΔΠΟ ως ξεχωριστού γνωστικού αντικειμένου, με τις δυναμικές της παγκόσμιας οικονομίας που καθόρισαν το περιεχόμενο της ΔΠΟ και με επιμέρους θεωρητικές προσεγγίσεις. Οι βασικοί θεματικοί άξονες του βιβλίου περιλαμβάνουν: η έννοια της διεθνούς πολιτικής οικονομίας, παραδοσιακές και σύγχρονες θεωρητικές προσεγγίσεις, το διεθνές εμπόριο, το διεθνές χρηματοπιστωτικό σύστημα, διεθνής παραγωγή, περιφερισμός και παγκοσμιοποίηση και θεωρία και πολιτική της ανάπτυξης.</subfield>
  </datafield>
  <datafield tag="650" ind1=" " ind2="0">
   <subfield code="a">International economic relations </subfield>
   <subfield code="8">2408</subfield>
  </datafield>
  <datafield tag="653" ind1=" " ind2=" ">
   <subfield code="a">Πλούτος</subfield>
  </datafield>
  <datafield tag="653" ind1=" " ind2=" ">
   <subfield code="a">Ισχύς</subfield>
  </datafield>
  <datafield tag="653" ind1=" " ind2=" ">
   <subfield code="a">Παγκοσμιοποίηση</subfield>
  </datafield>
  <datafield tag="653" ind1=" " ind2=" ">
   <subfield code="a">Διεθνείς σχέσεις</subfield>
  </datafield>
  <datafield tag="653" ind1=" " ind2=" ">
   <subfield code="a">Παγκόσμια οικονομία</subfield>
  </datafield>
  <datafield tag="653" ind1=" " ind2=" ">
   <subfield code="a">Πολιτικές επιστήμες</subfield>
  </datafield>
  <datafield tag="700" ind1="1" ind2=" ">
   <subfield code="a">Μαρής, Γεώργιος</subfield>
   <subfield code="e">Συγγραφέας</subfield>
   <subfield code="8">1186</subfield>
  </datafield>
  <datafield tag="700" ind1="1" ind2=" ">
   <subfield code="a">Λαδή, Στυλιανή</subfield>
   <subfield code="e">Κριτικός αναγνώστης</subfield>
   <subfield code="8">1187</subfield>
  </datafield>
  <datafield tag="856" ind1="4" ind2="0">
   <subfield code="u">http://hdl.handle.net/11419/3945</subfield>
   <subfield code="z">Πλήρες Κείμενο - Full text</subfield>
  </datafield>
  <datafield tag="907" ind1=" " ind2=" ">
   <subfield code="a">.b25681308</subfield>
   <subfield code="b">12-06-18</subfield>
   <subfield code="c">29-07-16</subfield>
  </datafield>
  <datafield tag="949" ind1=" " ind2=" ">
   <subfield code="0">0</subfield>
   <subfield code="1">0</subfield>
   <subfield code="2">ddc</subfield>
   <subfield code="4">0</subfield>
   <subfield code="6">337_000000000000000_ΜΑΝ</subfield>
   <subfield code="7">0</subfield>
   <subfield code="8">KALL</subfield>
   <subfield code="8">889</subfield>
   <subfield code="d">2016-04-13</subfield>
   <subfield code="r">2016-04-13</subfield>
   <subfield code="w">2016-04-13</subfield>
   <subfield code="z">337 ΜΑΝ</subfield>
   <subfield code="o">SEAB KALLIPOS</subfield>
  </datafield>
  <datafield tag="998" ind1=" " ind2=" ">
   <subfield code="a">80</subfield>
   <subfield code="a">01</subfield>
   <subfield code="a">02</subfield>
   <subfield code="a">03</subfield>
   <subfield code="a">04</subfield>
   <subfield code="a">05</subfield>
   <subfield code="a">06</subfield>
   <subfield code="a">07</subfield>
   <subfield code="a">08</subfield>
   <subfield code="a">09</subfield>
   <subfield code="a">10</subfield>
   <subfield code="a">11</subfield>
   <subfield code="a">12</subfield>
   <subfield code="a">13</subfield>
   <subfield code="a">14</subfield>
   <subfield code="a">15</subfield>
   <subfield code="a">16</subfield>
   <subfield code="a">17</subfield>
   <subfield code="a">18</subfield>
   <subfield code="a">19</subfield>
   <subfield code="a">20</subfield>
   <subfield code="a">21</subfield>
   <subfield code="a">22</subfield>
   <subfield code="a">23</subfield>
   <subfield code="a">24</subfield>
   <subfield code="a">25</subfield>
   <subfield code="a">26</subfield>
   <subfield code="b">25-05-17</subfield>
   <subfield code="c">m</subfield>
   <subfield code="d">z  </subfield>
   <subfield code="e">-</subfield>
   <subfield code="f">gre</subfield>
   <subfield code="g">gr </subfield>
   <subfield code="h">0</subfield>
  </datafield>
  <datafield tag="942" ind1=" " ind2=" ">
   <subfield code="2">ddc</subfield>
   <subfield code="c">KALLIPOS</subfield>
  </datafield>
 </record>
</collection>
